书目信息 |
| 题名: |
梁启超诗文选
|
|
| 作者: | 梁启超 著 ;方志钦 , 刘斯奋 编注 | |
| 分册: | ||
| 出版信息: | 广州 广东人民出版社 1983 |
|
| 页数: | 645页 | |
| 开本: | 21cm | |
| 丛书名: | 广东地方文献丛书 | |
| 单 册: | ||
| 中图分类: | I216.22 , I211 | |
| 科图分类: | ||
| 主题词: | 文学--作品--中国--清代--选集 | |
| 电子资源: | ||
| ISBN: | ||
| 000 | 00800oam2 2200277 450 | |
| 001 | 1554179334 | |
| 005 | 20150120150344.23 | |
| 010 | @dCNY2.45 | |
| 091 | @a10111.1221 | |
| 100 | @a19950511d1983 em y0chiy0110 ea | |
| 101 | 0 | @achi |
| 102 | @aCN@b440000 | |
| 105 | @af z 000gy | |
| 200 | 1 | @a梁启超诗文选@9liang qi chao shi wen xuan@f梁启超著@g方志钦,刘斯奋编注 |
| 210 | @a广州@c广东人民出版社@d1983 | |
| 215 | @a645页@c照片@d21cm | |
| 225 | 2 | @a广东地方文献丛书 |
| 461 | 0 | @12001 @a广东地方文献丛书 |
| 606 | 0 | @a文学@x作品@y中国@z清代@x选集 |
| 690 | @aI216.22@v5 | |
| 690 | @aI211@v4 | |
| 701 | 0 | @a梁启超@9liang qi chao@f(1873~1929)@4著 |
| 702 | 0 | @a方志钦@9fang zhi qin@4编注 |
| 702 | 0 | @a刘斯奋@9liu si fen@4编注 |
| 801 | 0 | @aCN@bTSSF@c20150120 |
| 905 | @aZUCC@dI211@eJY53 | |
| 梁启超诗文选/梁启超著/方志钦,刘斯奋编注.-广州:广东人民出版社,1983 |
| 645页:照片;21cm.-(广东地方文献丛书) |
| ISBN :CNY2.45 |
| ● |
| 相关链接 |
|
|
|
|
正题名:梁启超诗文选
索取号:I211/JY53
 
预约/预借
| 序号 | 登录号 | 条形码 | 馆藏地/架位号 | 状态 | 备注 |
| 1 | 7836670 | 278366705 | 学院路分馆/ [索取号:I211/JY53] | 在馆 |